01472na a2200301 450000100060000000300080000600500170001400800410003103500100007204000250008204100080010708200280011511000340014322200170017724502260019424600230042024600280044324600430047124601920051426000240070630000180073044000540074861000540080261000530085665100470090974001920095683000220114819942MIRAKIL20210323173027.0161228b tu 000 0  a19942 aMilasbturcTR-AnCHP atur aCHP 324.2372bC36t 1973 aCumhuriyet Halk Partisi (CHP) aTüzükler aC.H.P. tüzüğüb30 Haziran - 2 Temmuz 1972 günlerinden toplanan CHP XXI. kurultayunda ve Parti Meclisinin 25 Temmuz 1973 günlü toplantısında yapılan değişikliklerle yeniden basılmıştır.b1973cCHP aCHP tüzüğü aCHP 1973 tüzüğü aCumhuriyet Halk Partisi tüzüğü a30 Haziran - 2 Temmuz 1972 günlerinden toplanan CHP XXI. kurultayunda ve Parti Meclisinin 25 Temmuz 1973 günlü toplantısında yapılan değişikliklerle yeniden basılmıştır. aAnkarab[CHP]c1973 a91 s.c16 sm. aCumhuriyet Halk Partisi yayınlarıpTüzükler aCumhuriyet Halk Partisi (CHP)xTüzükler, 1973 aCumhuriyet Halk Partisi (CHP)xKurultaylar, 1972 aTürkiyexSiyaset ve yönetimy1972-1974 a30 Haziran - 2 Temmuz 1972 günlerinden toplanan CHP XXI. kurultayunda ve Parti Meclisinin 25 Temmuz 1973 günlü toplantısında yapılan değişikliklerle yeniden basılmıştır. aCHP tüzükleri